[Event "Online Olym Div3 A 2020"]
[Site "chess.com INT"]
[Date "2020.07.09"]
[Round "7.2"]
[Board "1"]
[White "Wong, Yinn Long"]
[Black "Eiti, Bashir"]
[Result "1-0"]
[WhiteTitle "FM"]
[BlackTitle "IM"]
[WhiteElo "2381"]
[BlackElo "2341"]
[WhiteTeam "Malaysia"]
[BlackTeam "Syria"]
[WhiteFideId "5707684"]
[BlackFideId "7601875"]
[EventDate "2020.07.07"]
[EventType "team"]

1. d4 Nf6 2. Bf4 c5 3. e3 Qb6 4. Nf3 cxd4 5. Qxd4 Qa5+ 6. Qc3 Qxc3+ 7. Nxc3 d6
8. O-O-O a6 9. Bc4 Nc6 10. Ng5 Nd8 11. e4 h6 12. Nf3 g5 13. Be3 Bg7 14. e5 dxe5
15. Nxe5 Be6 16. Be2 Nc6 17. Nxc6 bxc6 18. Bf3 Rc8 19. Na4 Nd5 20. Bd4 O-O 21.
Nc5 Bf5 22. Bxg7 Kxg7 23. a3 a5 24. Rhe1 e6 25. Be4 Rfe8 26. Bxf5 exf5 27. g3
Kg6 28. Nb7 Ra8 29. c3 Reb8 30. Nc5 Rd8 31. Kc2 Kh5 32. Nb7 Rdb8 33. Nc5 Ra7 34.
c4 Nb6 35. Kc3 Kg4 36. b3 a4 37. b4 Raa8 38. Nd3 f6 39. Re6 Nd7 40. f3+ Kh3 41.
Re2 Re8 42. Rde1 Rxe2 43. Rxe2 Ne5 44. Nxe5 fxe5 45. b5 cxb5 46. cxb5 Re8 47.
Kc4 e4 48. fxe4 fxe4 49. Kd4 e3 50. Rxe3 Rd8+ 51. Kc5 Kxh2 52. g4 Rc8+ 53. Kd6
Rc4 54. b6 Rd4+ 55. Kc7 Rc4+ 56. Kd6 Rd4+ 57. Ke7 Rd5 58. Re6 Kg3 59. Rd6 Rb5
60. Kd7 Kxg4 61. Rxh6 Rb3 62. Kc7 Kf3 63. b7 Rxb7+ 64. Kxb7 g4 65. Rf6+ Ke3 66.
Rg6 Kf3 67. Kb6 g3 68. Kb5 g2 69. Kxa4 Kf2 70. Kb5 g1=Q 71. Rxg1 Kxg1 72. a4 Kf2
73. a5 Ke3 74. a6 Kf4 75. a7 Ke5 76. a8=R Ke6 77. Rc8 Kd7 78. Rc6 Kd8 79. Kc5
Kd7 80. Kd5 Kd8 81. Kd6 Ke8 82. Rc7 Kd8 83. Re7 Kc8 84. Rd7 Kb8 85. Rc7 Ka8 86.
Kc6 Kb8 87. Kb6 Ka8 88. Rc8# 1-0

[Event "Online Olym Div3 A 2020"]
[Site "chess.com INT"]
[Date "2020.07.09"]
[Round "7.2"]
[Board "2"]
[White "Hamad, Ahmad"]
[Black "Looi, Xin Hao"]
[Result "1-0"]
[WhiteTitle "FM"]
[WhiteElo "2207"]
[BlackElo "2101"]
[WhiteTeam "Syria"]
[BlackTeam "Malaysia"]
[WhiteFideId "7600364"]
[BlackFideId "5702828"]
[EventDate "2020.07.07"]
[EventType "team"]

1. b3 b6 2. Bb2 Bb7 3. e3 e6 4. f4 Nf6 5. Nf3 Be7 6. Rg1 h5 7. g3 d6 8. h3 Nbd7
9. a4 a6 10. g4 hxg4 11. hxg4 Ne4 12. g5 e5 13. b4 d5 14. d3 Nd6 15. Nxe5 Nxe5
16. Bxe5 f6 17. gxf6 Bxf6 18. Qg4 Bxe5 19. fxe5 Nf7 20. d4 Qe7 21. e6 O-O-O 22.
exf7+ Kb8 23. Kd2 Bc8 24. Qxg7 Qxb4+ 25. Nc3 Rhf8 26. Bd3 Be6 27. Rgf1 Rd7 28.
Rab1 Qd6 29. Qe5 Qxe5 30. dxe5 Rdxf7 31. Rxf7 Rxf7 32. Bxa6 Ka7 33. Bd3 Rf2+ 34.
Ne2 c5 35. Bb5 c4 36. Rg1 Kb8 37. Rg6 Bf5 38. Rxb6+ Kc7 39. Rf6 c3+ 40. Ke1
Rxe2+ 41. Kxe2 Bxc2 42. Rc6+ 1-0

[Event "Online Olym Div3 A 2020"]
[Site "chess.com INT"]
[Date "2020.07.09"]
[Round "7.2"]
[Board "3"]
[White "Azhar, Puteri Munajjah Az-Zahraa"]
[Black "Mahmoud, Roula"]
[Result "1-0"]
[WhiteTitle "WIM"]
[BlackTitle "WFM"]
[WhiteElo "2046"]
[BlackElo "1771"]
[WhiteTeam "Malaysia"]
[BlackTeam "Syria"]
[WhiteFideId "5709040"]
[BlackFideId "7601263"]
[EventDate "2020.07.07"]
[EventType "team"]

1. e4 c5 2. Nf3 e6 3. d4 cxd4 4. Nxd4 a6 5. Bd3 d6 6. Nc3 Nf6 7. O-O Be7 8. Be3
O-O 9. h3 Nbd7 10. f4 Qc7 11. Qf3 b5 12. a3 Bb7 13. g4 Nc5 14. g5 Nfd7 15. Qh5
Nb6 16. Rae1 Nc4 17. Bxc4 bxc4 18. Bc1 Qb6 19. Kh2 Nd3 20. cxd3 Qxd4 21. dxc4
Qxc4 22. f5 exf5 23. exf5 Qc6 24. Rf2 Rae8 25. Rg1 d5 26. f6 Bd6+ 27. Bf4 Bxf4+
28. Rxf4 d4 29. fxg7 Kxg7 30. Qh6+ Qxh6 31. gxh6+ Kh8 32. Rxd4 Re6 33. Rh4 Rd8
34. Rd1 Rxd1 35. Nxd1 Re2+ 36. Kg3 Rg2+ 37. Kf4 Rd2 38. Ne3 Rxb2 39. Ke5 Rb6 40.
Nf5 Re6+ 41. Kd4 Rf6 42. Ng7 Rf3 43. a4 Ra3 44. Kc5 Bc8 45. Rd4 Rc3+ 46. Kb4 Bd7
47. Kxc3 Be8 48. Rd8 Kg8 49. Rxe8# 1-0

[Event "Online Olym Div3 A 2020"]
[Site "chess.com INT"]
[Date "2020.07.09"]
[Round "7.2"]
[Board "4"]
[White "Yazji, Mada"]
[Black "Nithyalakshmi, Sivanesan"]
[Result "0-1"]
[BlackTitle "WCM"]
[WhiteElo "1704"]
[BlackElo "1945"]
[WhiteTeam "Syria"]
[BlackTeam "Malaysia"]
[WhiteFideId "7602065"]
[BlackFideId "5706955"]
[EventDate "2020.07.07"]
[EventType "team"]

1. e4 b6 2. d4 Bb7 3. Nc3 e6 4. Nf3 Bb4 5. Bd3 Nf6 6. Qe2 d5 7. e5 Ne4 8. Bd2
Bxc3 9. bxc3 c5 10. O-O Nxd2 11. Qxd2 h6 12. Rab1 Qc7 13. Rfe1 Nd7 14. Qe3 c4
15. Bf1 O-O-O 16. a4 Bc6 17. Ra1 g5 18. Qc1 Nf8 19. Qa3 Ng6 20. g3 Ne7 21. a5 b5
22. a6 Rhg8 23. Bg2 Nf5 24. Qa5 h5 25. Qxc7+ Kxc7 26. Nd2 Rb8 27. Reb1 Rb6 28.
Nf1 Rgb8 29. Ne3 Ne7 30. Rb4 Bd7 31. Rbb1 Bc8 32. Bf1 Rxa6 33. Be2 h4 34. Bh5
Ng6 35. Ng4 Rxa1 36. Rxa1 Kb6 37. Nh6 Rb7 38. Nxf7 Rxf7 39. Bxg6 Rg7 40. Bh5 a5
41. Kg2 hxg3 42. hxg3 Bd7 43. Bg4 Rh7 44. Ra2 Rh8 45. Ra1 a4 46. Ra3 Ka5 47. Ra1
Rb8 48. Kf3 b4 49. cxb4+ Rxb4 50. Ke2 Rb2 51. Kd2 Kb4 52. Bd1 c3+ 53. Kd3 a3 54.
f4 gxf4 55. g4 Be8 56. g5 Bg6+ 57. Ke2 a2 58. Kf3 Ka3 59. Kxf4 Rb1 60. Rxa2+
Kxa2 61. Bg4 Rf1+ 62. Ke3 Bf5 63. Be2 Rg1 64. Kf4 Kb2 0-1

[Event "Online Olym Div3 A 2020"]
[Site "chess.com INT"]
[Date "2020.07.09"]
[Round "7.2"]
[Board "5"]
[White "Navaratnam, Rohan Shan Tze"]
[Black "Koniahli, Malek."]
[Result "1-0"]
[WhiteTitle "FM"]
[BlackTitle "FM"]
[WhiteElo "2071"]
[BlackElo "2261"]
[WhiteTeam "Malaysia"]
[BlackTeam "Syria"]
[WhiteFideId "5727413"]
[BlackFideId "7603495"]
[EventDate "2020.07.07"]
[EventType "team"]

1. e4 c6 2. d4 d5 3. Nc3 dxe4 4. Nxe4 Bf5 5. Ng3 Bg6 6. Nh3 Nf6 7. c3 e6 8. Nf4
Bd6 9. h4 Qc7 10. Qf3 Nd5 11. Nxg6 hxg6 12. Ne4 Nd7 13. Nxd6+ Qxd6 14. g3 e5 15.
dxe5 Nxe5 16. Qe2 O-O-O 17. Bg2 f5 18. Bg5 Rde8 19. O-O-O Qc5 20. Qc2 Ng4 21.
Rd2 Re6 22. Rhd1 Rhe8 23. Bxd5 cxd5 24. Rxd5 Qxf2 25. Qd3 Qb6 26. Qc4+ Qc6 27.
Rc5 1-0

[Event "Online Olym Div3 A 2020"]
[Site "chess.com INT"]
[Date "2020.07.09"]
[Round "7.3"]
[Board "1"]
[White "Ashiku, Franc"]
[Black "Delaney, Killian"]
[Result "0-1"]
[WhiteTitle "IM"]
[BlackTitle "FM"]
[WhiteElo "2419"]
[BlackElo "2314"]
[WhiteTeam "Albania"]
[BlackTeam "Ireland"]
[WhiteFideId "4700066"]
[BlackFideId "2501570"]
[EventDate "2020.07.07"]
[EventType "team"]

1. d4 d5 2. Nf3 Nf6 3. Bf4 c5 4. e3 Nc6 5. c3 cxd4 6. exd4 Bf5 7. Bd3 Bxd3 8.
Qxd3 e6 9. O-O Bd6 10. Bg5 h6 11. Bh4 g5 12. Bg3 Bxg3 13. fxg3 Ne4 14. Nbd2 f5
15. Qb5 O-O 16. Qxb7 Qd6 17. Qb3 Rab8 18. Qc2 Rfc8 19. a3 g4 20. Nxe4 dxe4 21.
Nh4 Nxd4 22. Qd2 Nf3+ 23. Nxf3 Qb6+ 24. Nd4 e5 25. Rxf5 exd4 26. Qf4 dxc3+ 27.
Kh1 cxb2 28. Rb1 Qg6 29. h4 gxh3 30. Qxe4 hxg2+ 31. Kxg2 Qc6 32. Qxc6 Rxc6 33.
Rf2 Rcb6 34. Kh3 Kg7 35. Kh4 Kg6 36. Kh3 a5 37. a4 Rb3 38. Re2 R8b6 39. Rf2 Kg5
40. Re2 Kf6 41. Rf1+ Kg6 42. Rb1 h5 43. Re5 h4 44. Kxh4 R3b4+ 45. g4 Rxa4 46.
Rg5+ Kf7 47. Rf5+ Ke7 48. Re1+ Kd7 49. Rf7+ Kc6 50. Rb1 Rab4 51. Rf6+ Kb7 52.
Rf5 Ka6 53. Kh5 a4 54. Rf3 Rb3 55. Rf4 Ka5 56. g5 a3 57. Rf5+ R3b5 58. Rf3 Ka4
59. Rf4+ Rb4 60. Rf8 a2 61. Ra8+ Kb3 0-1

[Event "Online Olym Div3 A 2020"]
[Site "chess.com INT"]
[Date "2020.07.09"]
[Round "7.3"]
[Board "2"]
[White "Jessel, Stephen"]
[Black "Pasko, Llambi"]
[Result "1-0"]
[WhiteTitle "FM"]
[BlackTitle "IM"]
[WhiteElo "2297"]
[BlackElo "2410"]
[WhiteTeam "Ireland"]
[BlackTeam "Albania"]
[WhiteFideId "628859"]
[BlackFideId "4701178"]
[EventDate "2020.07.07"]
[EventType "team"]

1. Nf3 d5 2. c4 c6 3. g3 Nf6 4. Bg2 Bf5 5. cxd5 cxd5 6. Qb3 Qb6 7. Nc3 e6 8. d3
Qxb3 9. axb3 Nc6 10. O-O Bb4 11. Bf4 h6 12. Nb5 Ke7 13. Rfc1 g5 14. Be3 a6 15.
Nbd4 Nxd4 16. Nxd4 Rhc8 17. Nxf5+ exf5 18. Bd4 Bd2 19. Rxc8 Rxc8 20. Bxf6+ Kxf6
21. Bxd5 Rc7 22. Ra4 Ke5 23. Rc4 Kd6 24. Rxc7 Kxc7 25. Bxf7 Bc1 26. Kg2 Kd6 27.
d4 Bxb2 28. e3 b5 29. Kf3 Bc3 30. Bg6 Ke6 31. Be8 Bb4 32. h3 Bd2 33. Bc6 Bc1 34.
Bb7 a5 35. Bc8+ Kf6 36. Bd7 b4 37. g4 f4 38. Bb5 Bb2 39. Ke4 Bc3 40. Bc6 Be1 41.
Kf3 Bc3 42. Ke2 Kg6 43. Kd3 Be1 44. exf4 Bxf2 45. f5+ Kf6 46. Kc4 h5 47. gxh5
Kxf5 48. Be8 Kf6 49. h6 Bg3 50. Kc5 Bf2 51. Kd5 Be3 52. h7 Kg7 53. Bg6 Bf4 54.
Bb1 Be3 55. Kc4 Bf4 56. Kb5 Be3 57. d5 Bd4 58. Kxa5 Kf6 59. Kxb4 Ke7 60. Kc4 Be5
61. b4 Kd7 62. Bf5+ Kd6 63. Be4 Bf6 64. b5 Be5 65. b6 Bf6 66. Kb5 Bd4 67. b7 Kc7
68. d6+ 1-0

[Event "Online Olym Div3 A 2020"]
[Site "chess.com INT"]
[Date "2020.07.09"]
[Round "7.3"]
[Board "3"]
[White "Shabanaj, Eglantina"]
[Black "Kanyamarala, Trisha"]
[Result "1/2-1/2"]
[WhiteTitle "WCM"]
[BlackTitle "WIM"]
[WhiteElo "1996"]
[BlackElo "2193"]
[WhiteTeam "Albania"]
[BlackTeam "Ireland"]
[WhiteFideId "4700562"]
[BlackFideId "45004722"]
[EventDate "2020.07.07"]
[EventType "team"]

1. d4 Nf6 2. Nf3 e6 3. e3 d5 4. c3 c5 5. Bd3 Nc6 6. dxc5 Bxc5 7. Nbd2 O-O 8. O-O
e5 9. e4 Bg4 10. Qe2 Re8 11. Nb3 Be7 12. Bd2 dxe4 13. Bxe4 Nxe4 14. Qxe4 Be6 15.
Rad1 Qc7 16. Rfe1 f5 17. Qa4 Bf6 18. Nc5 Bd5 19. Bg5 Bxf3 20. Rd7 Qb6 21. Qc4+
Kh8 22. Bxf6 gxf6 23. Qf7 Re7 24. Qxf6+ Kg8 25. Rxe7 Nxe7 26. Qxe7 Qg6 27. Qe6+
Qxe6 28. Nxe6 Bc6 29. Rxe5 Kf7 30. f4 Kf6 31. Nd4 Be4 32. Kf2 Rg8 33. g3 h5 34.
Re6+ Kg7 35. b3 h4 36. Re7+ Kf6 37. Rh7 hxg3+ 38. hxg3 Rc8 39. c4 Rd8 40. Ke3
Rg8 41. Ne2 Rd8 42. Nd4 Rg8 43. Rh6+ Ke7 44. Kf2 Rd8 45. Ke3 Rg8 46. Rh7+ Kd6
47. Ne2 Kc5 48. Rd7 Re8 49. Kd2 Rh8 50. Nc3 Rh2+ 51. Ke3 Bc6 52. Rf7 Rh5 53. a3
a5 54. Rf6 a4 55. bxa4 Kxc4 56. Ne2 Kb3 57. Nd4+ Kxa3 58. Nxc6 bxc6 59. Rxc6
Kxa4 60. Rc5 Kb4 61. Re5 Kc4 62. Kf3 Kd4 63. Ra5 Kc4 64. Ra8 Kd5 65. Rg8 Ke6 66.
Rg6+ Kf7 67. Rg5 Rxg5 68. fxg5 Kg7 69. g4 fxg4+ 70. Kxg4 Kg6 71. Kf4 Kg7 72. Kf5
Kf7 73. Kf4 Kg6 74. Kg4 Kg7 75. Kf5 Kf7 76. g6+ Kg7 77. Kg5 Kg8 78. Kf6 Kf8 79.
g7+ Kg8 80. Kg6 1/2-1/2

[Event "Online Olym Div3 A 2020"]
[Site "chess.com INT"]
[Date "2020.07.09"]
[Round "7.3"]
[Board "4"]
[White "Miller, Ioana"]
[Black "Tuzi, Bruna"]
[Result "1-0"]
[WhiteTitle "WFM"]
[BlackTitle "WFM"]
[WhiteElo "2185"]
[BlackElo "1971"]
[WhiteTeam "Ireland"]
[BlackTeam "Albania"]
[WhiteFideId "1202260"]
[BlackFideId "4701100"]
[EventDate "2020.07.07"]
[EventType "team"]

1. e4 c5 2. Nf3 Nc6 3. Bb5 d6 4. Nc3 Nf6 5. e5 Ng4 6. exd6 exd6 7. O-O Be7 8.
Nd5 O-O 9. Nxe7+ Nxe7 10. Re1 a6 11. Bf1 b5 12. d4 Ng6 13. h3 Nf6 14. Bg5 Bb7
15. Nh4 Re8 16. Nf5 h6 17. Rxe8+ Qxe8 18. Bxf6 gxf6 19. Nxd6 Qc6 20. Nxb7 Qxb7
21. dxc5 b4 22. Qd6 a5 23. Qxf6 Re8 24. Bc4 Ne5 25. Bb3 Qe4 26. Rd1 Rc8 27. Bd5
Qe2 28. Rd4 Rf8 29. Qxh6 Qe1+ 30. Kh2 Re8 31. Rh4 Ng6 32. Qh7+ Kf8 33. Qxf7# 1-0

[Event "Online Olym Div3 A 2020"]
[Site "chess.com INT"]
[Date "2020.07.09"]
[Round "7.3"]
[Board "5"]
[White "Veleshnja, Zino"]
[Black "Kanyamarala, Tarun"]
[Result "1-0"]
[BlackTitle "FM"]
[WhiteElo "2287"]
[BlackElo "2381"]
[WhiteTeam "Albania"]
[BlackTeam "Ireland"]
[WhiteFideId "4701313"]
[BlackFideId "45004714"]
[EventDate "2020.07.07"]
[EventType "team"]

1. d4 f5 2. Nc3 Nf6 3. Bg5 d5 4. Bxf6 exf6 5. e3 Nc6 6. a3 Be6 7. Bd3 Bd6 8. Qf3
Ne7 9. Nge2 c6 10. h4 h5 11. Nf4 Bf7 12. Nh3 Qd7 13. O-O Rg8 14. Nf4 Kf8 15. g3
g5 16. Nxh5 g4 17. Nxf6 Qe6 18. Nxg4 Rxg4 19. Ne2 Kg7 20. Rfe1 Rh8 21. Nf4 Qf6
22. Kf1 Bc7 23. Rac1 Nc8 24. c4 dxc4 25. Bxc4 Bxc4+ 26. Rxc4 Nd6 27. Rc2 Ne4 28.
d5 Bxf4 29. exf4 c5 30. Rxe4 Rgxh4 31. gxh4 fxe4 32. Qxe4 Qxh4 33. Rxc5 Qh3+ 34.
Qg2+ Qxg2+ 35. Kxg2 Kf6 36. Rc7 Rb8 1-0

[Event "Online Olym Div3 A 2020"]
[Site "chess.com INT"]
[Date "2020.07.09"]
[Round "7.3"]
[Board "6"]
[White "Putar, Lara"]
[Black "Shuqja, Klean"]
[Result "1/2-1/2"]
[BlackTitle "WCM"]
[WhiteElo "1834"]
[BlackElo "1838"]
[WhiteTeam "Ireland"]
[BlackTeam "Albania"]
[WhiteFideId "14546604"]
[BlackFideId "4701585"]
[EventDate "2020.07.07"]
[EventType "team"]

1. d4 Nf6 2. c4 g6 3. Nf3 Bg7 4. g3 d5 5. Bg2 O-O 6. O-O c6 7. Nc3 Nbd7 8. b3
Nb6 9. c5 Nbd7 10. Qc2 Ne4 11. Bb2 Ndf6 12. Nd2 Nxc3 13. Bxc3 Bf5 14. Qb2 Qd7
15. Rfe1 Ne4 16. Nxe4 Bxe4 17. f3 Bf5 18. e4 Be6 19. Rad1 Rfd8 20. Ba5 Re8 21.
a4 Rab8 22. Bc3 Red8 23. b4 b6 24. Qe2 bxc5 25. bxc5 Rb3 26. Ba1 dxe4 27. Qxe4
Re8 28. f4 Bd5 29. Qc2 Rb7 30. Bxd5 Qxd5 31. Rd2 e6 32. a5 Reb8 33. Bc3 Rb5 34.
Qd3 Rb3 35. Rc1 R8b5 36. Qc2 Qc4 37. Rdd1 h6 38. Qd2 Qd5 39. Qg2 Qxg2+ 40. Kxg2
Kf8 41. Kf3 Rb8 42. Ke4 Ke7 43. g4 R8b7 44. h4 f5+ 45. gxf5 exf5+ 46. Kd3 Kf7
47. Kc4 Bf6 48. Re1 Rb8 49. Kd3 Rd8 50. Kc2 Rbb8 51. Rcd1 Rd7 52. Re2 Rbd8 53.
Red2 Bxh4 54. Rh2 g5 55. fxg5 hxg5 56. Rf1 Kg6 57. Kd3 Bg3 58. Rd2 Be5 59. Kc4
Bf4 60. Rg2 Be3 61. Rd1 f4 62. Bb2 Kf5 63. Rd3 g4 64. Bc3 g3 65. Rxe3 fxe3 66.
Rxg3 Kf4 67. Rg6 Re7 68. Rxc6 e2 69. Rf6+ Kg5 70. Rd6 Rde8 71. Be1 Rf7 72. Kd3
Rf1 73. Kd2 Kf5 74. c6 Rh1 75. c7 Rc8 76. Rd7 Ke6 77. Rg7 Kd5 78. Kxe2 Kxd4 79.
Bg3 Rhh8 80. Bf2+ Kc4 81. Bxa7 Kb5 82. Bb6 Ka6 83. Rd7 Rhg8 84. Kd3 Rh8 85. Kc4
Rhg8 86. Kc5 Rg5+ 87. Kc6 Rg6+ 88. Kd5 Rg5+ 89. Ke6 Rg6+ 90. Kf7 Rxb6 91. axb6
Kxb6 92. Ke6 Rxc7 93. Rd6+ Rc6 94. Rxc6+ Kxc6 1/2-1/2

[Event "Online Olym Div3 A 2020"]
[Site "chess.com INT"]
[Date "2020.07.09"]
[Round "7.4"]
[Board "1"]
[White "Ker, Anthony F"]
[Black "Tin, Jingyao"]
[Result "1-0"]
[WhiteTitle "IM"]
[BlackTitle "IM"]
[WhiteElo "2298"]
[BlackElo "2464"]
[WhiteTeam "New Zealand"]
[BlackTeam "Singapore"]
[WhiteFideId "4300084"]
[BlackFideId "5804418"]
[EventDate "2020.07.07"]
[EventType "team"]

1. e4 e5 2. Nf3 Nc6 3. d4 exd4 4. Bc4 Nf6 5. e5 d5 6. Bb5 Nd7 7. O-O Be7 8. Re1
O-O 9. Bxc6 bxc6 10. Nxd4 Nb8 11. Qh5 c5 12. Nf5 Bxf5 13. Qxf5 Qd7 14. e6 fxe6
15. Qxe6+ Qxe6 16. Rxe6 Kf7 17. Re5 c6 18. Bg5 Bxg5 19. Rxg5 Nd7 20. Nd2 Rfe8
21. Kf1 Rab8 22. b3 a5 23. Rg4 Rb4 24. Rg3 a4 25. Re1 Rxe1+ 26. Kxe1 axb3 27.
axb3 h6 28. Re3 Rb8 29. Nf3 Kf6 30. Kd2 Ra8 31. Re1 g5 32. h3 h5 33. h4 g4 34.
Ng5 Ne5 35. f4 gxf3 36. gxf3 Kf5 37. Rf1 Ng6 38. f4 Ra7 39. Nf3 Nxf4 40. Rg1 Re7
41. Rg5+ Kf6 42. Ng1 Re5 43. Rg8 Re4 44. Rc8 Re6 45. Rf8+ Ke5 46. Nf3+ Ke4 47.
Ng5+ Ke5 48. Rxf4 Rg6 49. Rf8 Kd4 50. Re8 c4 51. c3+ Kc5 52. b4+ Kb5 53. Rb8+
Ka4 54. Kc2 Rf6 55. Ra8+ Kb5 56. Kd2 Rf2+ 57. Ke3 Rc2 58. Ra3 Rc1 59. Nf3 Rd1
60. Nd4+ Kb6 61. Ke2 Rd3 62. Nf3 Kb7 63. Kf2 Kb6 64. Kg3 d4 65. Kf2 dxc3 66. Ra2
Kb5 67. Ne5 Rd5 68. Nf3 Kxb4 69. Ne1 1-0

[Event "Online Olym Div3 A 2020"]
[Site "chess.com INT"]
[Date "2020.07.09"]
[Round "7.4"]
[Board "2"]
[White "Liu, Xiangyi"]
[Black "Duneas, John"]
[Result "1-0"]
[WhiteTitle "IM"]
[BlackTitle "FM"]
[WhiteElo "2377"]
[BlackElo "2147"]
[WhiteTeam "Singapore"]
[BlackTeam "New Zealand"]
[WhiteFideId "8605718"]
[BlackFideId "4302052"]
[EventDate "2020.07.07"]
[EventType "team"]

1. e4 e6 2. Nf3 d5 3. e5 c5 4. g3 Nc6 5. Bg2 f6 6. exf6 Nxf6 7. O-O Bd6 8. d3
O-O 9. c4 d4 10. Bg5 e5 11. Nbd2 Bf5 12. Qe2 Qd7 13. Bxf6 gxf6 14. Ne4 Be7 15.
Nh4 Bg4 16. f3 Be6 17. g4 Kh8 18. Kh1 f5 19. Nxf5 Bxf5 20. gxf5 Qxf5 21. Rg1 Rg8
22. Raf1 Raf8 23. f4 exf4 24. Nd2 Bd6 25. Bd5 Rxg1+ 26. Rxg1 Ne5 27. Qg2 Ng6 28.
Be4 Qh5 29. Bxg6 hxg6 30. Qxg6 Qxg6 31. Rxg6 Be7 32. Kg2 Kh7 33. Re6 Rf7 34. Kf3
b6 35. Ne4 Kg7 36. Rc6 Kh7 37. Rc7 Kg7 38. Rxa7 Kg6 39. Rb7 Rh7 40. Rxb6+ Kf5
41. Rb7 Rh3+ 42. Kg2 Rh7 43. Nd6+ Ke6 44. Nc8 Rg7+ 45. Kf3 1-0

[Event "Online Olym Div3 A 2020"]
[Site "chess.com INT"]
[Date "2020.07.09"]
[Round "7.4"]
[Board "3"]
[White "Gan, Emily"]
[Black "Gong, Qianyun"]
[Result "0-1"]
[BlackTitle "WGM"]
[WhiteElo "1160"]
[BlackElo "2333"]
[WhiteTeam "New Zealand"]
[BlackTeam "Singapore"]
[WhiteFideId "4310608"]
[BlackFideId "8602425"]
[EventDate "2020.07.07"]
[EventType "team"]

1. c4 c5 2. Nc3 Nc6 3. g3 g6 4. Bg2 Bg7 5. e3 e6 6. Nge2 Nge7 7. O-O O-O 8. d4
cxd4 9. exd4 d5 10. cxd5 Nxd5 11. Nxd5 exd5 12. Be3 Bg4 13. Re1 Qd7 14. Qd2 Rac8
15. Rac1 Ne7 16. Nf4 Bf5 17. a3 b6 18. b4 Rfd8 19. Qb2 Rc4 20. Red1 Rdc8 21.
Rxc4 dxc4 22. Ne2 Nd5 23. Nc3 Nxe3 24. fxe3 Bd3 25. Bf1 Qe6 26. Qf2 Bh6 27. Re1
Re8 28. Nd1 Bf5 29. Bg2 Bg4 30. e4 Bxd1 31. Rxd1 c3 32. d5 Qd7 33. Qc2 Rc8 34.
Rd3 Bg7 35. Kh1 Be5 36. g4 Qxg4 37. Re3 Qf4 38. Rf3 Qxh2# 0-1

[Event "Online Olym Div3 A 2020"]
[Site "chess.com INT"]
[Date "2020.07.09"]
[Round "7.4"]
[Board "4"]
[White "Liu, Yang Hazel"]
[Black "Chang, Yolanda"]
[Result "1-0"]
[WhiteTitle "WFM"]
[WhiteElo "2046"]
[BlackElo "1305"]
[WhiteTeam "Singapore"]
[BlackTeam "New Zealand"]
[WhiteFideId "5800919"]
[BlackFideId "4309332"]
[EventDate "2020.07.07"]
[EventType "team"]

1. d4 d5 2. Nc3 c6 3. Bf4 Nf6 4. e3 Bf5 5. f3 e6 6. g4 Bg6 7. h4 h6 8. Bd3 Bxd3
9. Qxd3 Nbd7 10. Nge2 c5 11. Nb5 Rc8 12. Bd6 c4 13. Qa3 Rc6 14. Bxf8 Nxf8 15.
Qxa7 Rb6 16. Qa4 N8d7 17. Qb4 Qb8 18. a4 Rc6 19. O-O-O Nb6 20. a5 Nbd7 21. Nf4
Nh7 22. g5 Nhf8 23. Rdg1 h5 24. g6 f6 25. Ne2 e5 26. e4 dxe4 27. fxe4 Rh6 28.
dxe5 Qxe5 29. Rd1 Ne6 30. Ned4 Qf4+ 31. Kb1 Nxd4 32. Nxd4 Rc8 33. Nf5 Qe5 34.
Nd6+ Kd8 35. Nxc8 Kxc8 36. Qxc4+ Qc5 37. Qg8+ Kc7 38. Rxd7+ Kxd7 39. Qxg7+ Kc6
40. Qxh6 Qe5 41. g7 Qxe4 42. Rf1 Qg4 43. Qxf6+ Kc7 44. Qf7+ Kc6 45. g8=Q Qxg8
46. Qxg8 Kc7 47. Qc4+ Kd6 48. Rf6+ Ke7 49. Qf7+ Kd8 50. Rh6 b6 51. Rh8# 1-0

[Event "Online Olym Div3 A 2020"]
[Site "chess.com INT"]
[Date "2020.07.09"]
[Round "7.4"]
[Board "5"]
[White "Fan, Allen Chi Zhou"]
[Black "Lee, Qing Aun"]
[Result "0-1"]
[WhiteTitle "FM"]
[BlackTitle "FM"]
[WhiteElo "2134"]
[BlackElo "2262"]
[WhiteTeam "New Zealand"]
[BlackTeam "Singapore"]
[WhiteFideId "4304128"]
[BlackFideId "5804167"]
[EventDate "2020.07.07"]
[EventType "team"]

1. Nf3 d5 2. c4 e6 3. g3 Nf6 4. Bg2 Be7 5. O-O O-O 6. b3 c5 7. Bb2 Nc6 8. e3 b6
9. Nc3 Ba6 10. d3 Rc8 11. Qd2 Qd7 12. Rfd1 Rfe8 13. Rac1 h6 14. Qc2 d4 15. exd4
cxd4 16. Ne4 e5 17. Nxf6+ Bxf6 18. a3 Bb7 19. b4 Nd8 20. Re1 Re7 21. Qe2 Nc6 22.
Qf1 Rce8 23. Rc2 Nd8 24. Rce2 Qf5 25. Nd2 Qxd3 26. Ne4 Bxe4 27. Rxe4 Qxf1+ 28.
Kxf1 Ne6 29. f4 exf4 30. gxf4 Nxf4 31. Rxe7 Rxe7 32. Rxe7 Bxe7 33. Bxd4 Nxg2 34.
Kxg2 f6 35. Bf2 Kf7 36. Bg3 Ke6 37. Bb8 a6 38. h3 b5 39. c5 Kd5 40. Kf3 f5 41.
Kf4 g6 42. Kf3 Bf6 43. Bf4 g5 44. Bc1 Be5 45. Kf2 Ke4 46. Ke2 f4 47. Bd2 h5 48.
c6 Kd5 49. Bc3 Bd6 50. Bf6 g4 51. hxg4 hxg4 52. Be7 Bc7 53. Bg5 Kxc6 54. Kd3 Kd5
55. Ke2 Ke4 56. Kf2 f3 57. Be7 g3+ 58. Kf1 g2+ 59. Kf2 Bb6+ 60. Bc5 Bxc5+ 61.
bxc5 Kd5 0-1

[Event "Online Olym Div3 A 2020"]
[Site "chess.com INT"]
[Date "2020.07.09"]
[Round "7.5"]
[Board "1"]
[White "Kwon, Sehyun"]
[Black "Tran, Thanh Tu"]
[Result "1-0"]
[WhiteTitle "CM"]
[BlackTitle "CM"]
[WhiteElo "2194"]
[BlackElo "2346"]
[WhiteTeam "South Korea"]
[BlackTeam "Japan"]
[WhiteFideId "13203088"]
[BlackFideId "12401404"]
[EventDate "2020.07.07"]
[EventType "team"]

1. e4 c5 2. Nf3 e6 3. g3 Nc6 4. Bg2 Nf6 5. Nc3 d6 6. d4 cxd4 7. Nxd4 e5 8. Nde2
Be6 9. h3 Be7 10. Be3 O-O 11. O-O a6 12. g4 Rc8 13. Nd5 Bxd5 14. exd5 Na5 15.
Ng3 g6 16. b3 b5 17. Qd2 Re8 18. f4 Nd7 19. Ne4 f6 20. Rf2 Nb7 21. fxe5 Nxe5 22.
Raf1 Rf8 23. Bh6 Rf7 24. Bf4 Nd7 25. Bg3 Qb6 26. Kh2 Rcf8 27. h4 Nbc5 28. h5
gxh5 29. gxh5 f5 30. Nxc5 Qxc5 31. Bh3 Kh8 32. Rxf5 Rxf5 33. Rxf5 Rxf5 34. Bxf5
Nf6 35. Be6 Ne4 36. Qe2 Ng5 37. Bf2 Qc3 38. Qg4 Bf6 39. Qf5 Nf3+ 40. Kg2 Ng5 41.
Qf4 Kg7 42. Bf5 h6 43. Bd3 Qe5 44. Qxe5 Bxe5 45. a4 bxa4 46. bxa4 a5 47. Be1 Bd4
48. Bxa5 Kf6 49. Bd8+ Ke5 50. Bxg5 hxg5 51. c4 Kf6 52. Kf3 Kg7 53. Kg4 Kh6 54.
a5 Bc5 55. a6 Ba7 56. Be2 Bc5 57. Kf5 Ba7 58. Ke6 Bc5 59. Bg4 Kg7 60. Ke7 Kh6
61. Kf6 Ba7 62. Ke7 Bc5 63. Kd7 Kg7 64. Kc7 Kh6 65. Kb7 1-0